000
00142nam a22000857a 4500
082
_a
K890
245
_a
SACHHA HAKIM
300
_a
24P
942
_c
BK
999
_c
2829
_d
2829